00226nam a2200097Ia 4500008004100000041000800041100001300049245003700062650001000099999001900109230605s9999 xx 000 0 und d aeng alilicrap afood and beverage service(9th ed aF. B. c416992d416992